00514nam a2200169 a 4500008004100000020001500041050002100056100001900077245006500096260005300161300002000214350001100234650002300245650001900268650002200287650003500309190123s1995 ||||||||||||||||| || u a0521599431 aQC 611.6.E45 Dat aDatta, Supriyo10aElectronic transport in mesoscopic systemscby Supriyo Datta aUnited KingdombCambridge University Pressc1995 axv, 377p.: ill. a100.60 aELECTRON TRANSPORT aSEMICONDUCTORS aGREEN'S FUNCTIONS aMESOSCOPIC PHENOMENA (PHYSICS)